MARC

LEADER 00000nam0a2200000 4500
001 177956
005 20231031165748.0
035 |a (RuTPU)RU\TPU\book\192934 
090 |a 177956 
100 |a 20100330d1972 k y0rusy50 ca 
101 0 |a rus 
102 |a RU 
105 |a a z 001zy 
200 1 |a Гидрометаллургические и хлорные процессы в производстве редких металлов  |f Московский государственный институт стали и сплавов (МИСиС) ; под ред. А. Н. Зеликмана 
210 |a Москва  |c Металлургия  |d 1972 
215 |a 110 с.  |c ил. 
225 1 |a Научные труды [МИСиС]  |v № 75 
320 |a Библиогр. в конце ст. 
610 1 |a металлургия 
610 1 |a редкие металлы 
610 1 |a гидрометаллургические процессы 
610 1 |a выщелачивание 
610 1 |a термохимия 
610 1 |a вольфраматы 
610 1 |a молибдаты 
610 1 |a кальций 
610 1 |a цирконий 
610 1 |a редкоземельные металлы 
610 1 |a хлориды 
610 1 |a рений 
610 1 |a физико-химические свойства 
675 |a 669.85/.86  |v 3 
702 1 |a Зеликман  |b А. Н.  |4 340 
712 0 2 |a Московский государственный институт стали и сплавов (МИСиС)  |2 stltpush  |3 (RuTPU)RU\TPU\col\180 
801 1 |a RU  |b 63413507  |c 20100330 
801 2 |a RU  |b 63413507  |c 20160719  |g RCR 
900 |a Физико-химические основы гидрометаллургии редких элементов 
942 |c BK